| 000 | 00351nam a22001337a 4500 | ||
|---|---|---|---|
| 008 | 170511b xxu||||| |||| 00| 0 eng d | ||
| 020 | _a9780820570259 | ||
| 041 | _aeng | ||
| 080 |
_23RD _a34 |
||
| 100 | _a15 | ||
| 101 | _aSHJ | ||
| 245 |
_aALTERNATIVE DISPUTE RESOLUTION: THE ADVOCATE'S PERSPECTIVE CASES AND MATERIALS _cBRUNET, E |
||
| 942 |
_2udc _cBK |
||
| 999 |
_c13205 _d13205 |
||